000 00554nam a2200181Ia 4500
008 151202s9999||||xx |||||||||||||| ||und||
082 _bPNVM-32143
100 _aभावे पु.भा.
245 _aआनंद सोपान.
260 _bकुलकर्णी ग्रंथागार पुणे.
260 _c1965
300 _a136
600 _aभावे पु.भा.
630 _aआनंद सोपान.
700 _aभावे पु.भा.
730 _aआनंद सोपान.
942 _cBOOK
999 _c1298104
_d1298101